000 00550nam a2200229Ia 4500
003 OSt
005 20220924132118.0
006 a|||||r|||| 00| 0
007 ta
008 220923b |||||||| |||| 00| 0 hin d
024 _a13322
037 _cTextual
040 _aARTS
_cARTS
_bhin
041 _2hin
_ahin
082 _aN12, 152J5
100 _aSukla D.N.
_951237
245 0 _aHindu science of architecture
260 _c1955
650 _aARTS
942 _hN12, 152J5
_cTEXL
_2CC
999 _c429283
_d429283